| 000 | 00711nam a22001937a 4500 | ||
|---|---|---|---|
| 003 | OSt | ||
| 005 | 20260203014014.0 | ||
| 008 | 260203b |||||||| |||| 00| 0 eng d | ||
| 035 | _a978-07-326532-2. | ||
| 040 |
_aDWCL-Main lib _cOC |
||
| 082 |
_29th ed., International ed _aCirc. 808.5 L933 2007 |
||
| 100 | _aLucas, Stephen E. | ||
| 245 |
_aThe art of public speaking/ _cLucas, Stephen E. |
||
| 260 |
_aNew York : _bMcGraw-Hill, _cc2007. |
||
| 300 |
_axxix, various paging : _bcol. ill. ; _c25 cm. + 6 audio abridgement compact disc set, 2 student CD-ROM guidebook & 1 topic finder. |
||
| 504 | _aIncludes index. | ||
| 650 | _aPublic speaking. | ||
| 942 |
_2ddc _cBK-CIRC _e9th ed., International ed _hCirc. _n0 |
||
| 999 |
_c8155 _d8155 |
||